000 00409nam a2200181Ia 4500
001 4958
005 20260306145833.0
008 260306t2002||||xx |||||||||||||| ||spa||
041 _aESP
082 _a332.1
_bA52
100 _aAmbrosini Valdez, David, 1957-
_eAUT
245 0 _aIntroducción a la banca
260 _c2002
300 _a
_c
650 _aGEN
654 _aCAN
942 _cLIB
_dJUS
_fJUS
_2ddc
_n
999 _c4958
_d4958